000 00281nam a22001337a 4500
020 _a0-14-33482-4
082 _a920
_bNAY/P
100 _aMEENA ARORA NAYAK
245 _aLEGENDARY LIVES
260 _aNEW DELHI
_bPUFFIN BOOKS
300 _a240
650 _zNEW DELHI
942 _cBK
999 _c5755
_d5755